LIBRARY & INFORMATION CENTRE, KCAET, TAVANUR

ONLINE PUBLIC ACCESS CATALOGUE (OPAC)

Kunhalimarekkar (Record no. 373)

MARC details
000 -LEADER
fixed length control field 00372cam a2200169ua 4500
041 ## - LANGUAGE CODE
Language code of text/sound track or separate title mal
082 ## - DEWEY DECIMAL CLASSIFICATION NUMBER
Classification number 894.8122
Item number PAD/KU
100 ## - MAIN ENTRY--AUTHOR NAME
Personal name Padmanabhannair, K .
245 ## - TITLE STATEMENT
Title Kunhalimarekkar
260 ## - PUBLICATION, DISTRIBUTION, ETC. (IMPRINT)
Place of publication Thrissur :
Name of publisher Current Books ,
Year of publication 1776.
300 ## - PHYSICAL DESCRIPTION
Number of Pages 85 ; .
942 ## - ADDED ENTRY ELEMENTS (KOHA)
Koha item type Books
Holdings
Withdrawn status Lost status Damaged status Home library Current library Date acquired Full call number Accession Number Koha item type
Withdrawn     KAUAET Malayalam University 07/04/2012 894.8122 1776 Books
free website counter